| 000 | 06850nam a22004937a 4500 | ||
|---|---|---|---|
| 005 | 20120110150518.0 | ||
| 010 | _aB-474056-079 | ||
| 020 |
_a9788192189901 _c200.00 |
||
| 035 | _aB-474056-079 | ||
| 037 | _bब्लूबेरी बुक्स | ||
| 082 | _a821 | ||
| 100 |
_aनरेन्द्र सिंह 'नीहार' _950906 |
||
| 245 |
_aहँसने दो मुस्काने दो / _cनरेन्द्र सिंह 'नीहार' |
||
| 260 |
_aनई दिल्ली _bकौंपल बुक्स _c2011 |
||
| 270 |
_a315, हरिनगर आश्रम, मथुरा रोड, _bनई दिल्ली _e110014 |
||
| 300 |
_a76पृ. _bसचित्र _c24 सेमी (सजिल्द) |
||
| 942 |
_2ddc _cCH _h821 _mनरेन्द्र |
||
| 999 |
_c60645 _d60645 |
||